LEADER 01440nam--2200433---450- 001 990002343390203316 005 20090226105652.0 035 $a000234339 035 $aUSA01000234339 035 $a(ALEPH)000234339USA01 035 $a000234339 100 $a20050110d1981----km-y0itay0103----ba 101 0 $aita 102 $aIT 105 $a||||||||001yy 200 1 $a<> interessi nei rapporti a funzione creditizia$fdi Ernesto Simonetto, G. Tantini, E. Maschio 210 $aPadova$cCEDAM$d1981 215 $a220 p.$d24 cm 225 2 $aPubblicazioni del Centro Studi sulle Società dell'Università di Padova 410 0$12001$aPubblicazioni del Centro Studi sulle Società dell'Università di Padova 454 1$12001 461 1$1001-------$12001 606 0 $aInteressi 676 $a332.8 700 1$aSIMONETTO,$bErnesto$0105520 701 1$aTARANTINI,$bGiovanni$0268283 701 1$aMASCHIO,$bEliana$0247481 801 0$aIT$bsalbc$gISBD 912 $a990002343390203316 951 $a332.8 SIM 1 (IEP VI 137)$b5667 E.C.$cIEP VI$d00198893 959 $aBK 969 $aECO 979 $aSIAV3$b10$c20050110$lUSA01$h1154 979 $aSIAV3$b10$c20050110$lUSA01$h1157 979 $aSIAV3$b10$c20050110$lUSA01$h1158 979 $aSIAV3$b10$c20050110$lUSA01$h1201 979 $aRSIAV3$b90$c20090226$lUSA01$h1056 996 $aInteressi nei rapporti a funzione creditizia$91062329 997 $aUNISA LEADER 01249nas 2200433-a 450 001 996204692403316 005 20230227213019.0 035 $a(OCoLC)244786898 035 $a(CKB)1000000000366494 035 $a(CONSER)--2009252908 035 $a(DE-599)ZDB2413556-2 035 $a(MiAaPQ)2028897 035 $a(EXLCZ)991000000000366494 100 $a20080902a20049999 s-- - 101 0 $aeng 135 $aur||||||||||| 181 $ctxt$2rdacontent 182 $cc$2rdamedia 183 $acr$2rdacarrier 200 00$aBrazilian administration review 210 $aRio de Janeiro $cANPAD 215 $a1 online resource 300 $aRefereed/Peer-reviewed 311 $a1807-7692 517 1 $aBAR 531 $aBAR 531 $aBRAZILIAN ADMINISTRATION REVIEW 531 1 $aBAR, Braz. adm. rev. 606 $aBusiness$vPeriodicals 606 $aBusiness$2fast$3(OCoLC)fst00842262 608 $aPeriodicals.$2fast 610 $aCommerce - General 615 0$aBusiness 615 7$aBusiness. 712 02$aAssociação Nacional de Pós-Graduação e Pesquisa em Administração (Brazil) 906 $aJOURNAL 912 $a996204692403316 996 $aBrazilian administration review$92205219 997 $aUNISA